Principales discursos, julio 1992-agosto 1994 / (Registro nro. 4661)
[ vista simple ]
| 000 -LEADER | |
|---|---|
| fixed length control field | 00893nam a2200241Ia 4500 |
| 003 - CONTROL NUMBER IDENTIFIER | |
| control field | OSt |
| 005 - DATE AND TIME OF LATEST TRANSACTION | |
| control field | 20200415205023.0 |
| 008 - FIXED-LENGTH DATA ELEMENTS--GENERAL INFORMATION | |
| fixed length control field | 191128m19921994ck gr 001 0 spa d |
| 040 ## - CATALOGING SOURCE | |
| Original cataloging agency | CO-JMCR |
| Transcribing agency | CO-JMCR |
| 041 0# - LANGUAGE CODE | |
| Language code of text/sound track or separate title | spa |
| 082 04 - DEWEY DECIMAL CLASSIFICATION NUMBER | |
| Classification number | 320.861 / |
| Item number | G283p |
| Edition number | 21 |
| 110 1# - MAIN ENTRY--CORPORATE NAME | |
| Corporate name or jurisdiction name as entry element | Colombia. |
| Subordinate unit | Presidente (1992-1994 : Gaviria) |
| 9 (RLIN) | 3103 |
| 245 10 - TITLE STATEMENT | |
| Title | Principales discursos, julio 1992-agosto 1994 / |
| Statement of responsibility, etc. | César Gaviria Trujillo |
| 260 ## - PUBLICATION, DISTRIBUTION, ETC. | |
| Place of publication, distribution, etc. | Bogotá : |
| Name of publisher, distributor, etc. | Presidencia de la República, |
| Date of publication, distribution, etc. | 1992 |
| 300 ## - PHYSICAL DESCRIPTION | |
| Extent | 2v. ; |
| Dimensions | 24 cm. |
| 500 ## - GENERAL NOTE | |
| General note | Incluye índice analítico. |
| 505 0# - FORMATTED CONTENTS NOTE | |
| Miscellaneous information | v.1 |
| Title | Gobierno |
| Miscellaneous information | v.2 |
| Title | Política internacional |
| 600 ## - SUBJECT ADDED ENTRY--PERSONAL NAME | |
| Personal name | Gaviria Trujillo, César, 1992-1994. Presidente |
| 9 (RLIN) | 3104 |
| 650 14 - SUBJECT ADDED ENTRY--TOPICAL TERM | |
| Topical term or geographic name entry element | Discursos presidenciales |
| Chronological subdivision | 1990-1994 |
| Geographic subdivision | Colombia |
| 9 (RLIN) | 2205 |
| 650 14 - SUBJECT ADDED ENTRY--TOPICAL TERM | |
| Topical term or geographic name entry element | Política y gobierno |
| Chronological subdivision | 1990-1994 |
| Geographic subdivision | Colombia |
| 9 (RLIN) | 2206 |
| 650 14 - SUBJECT ADDED ENTRY--TOPICAL TERM | |
| Topical term or geographic name entry element | Condiciones sociales |
| Chronological subdivision | 1990-1994 |
| Geographic subdivision | Colombia |
| 9 (RLIN) | 2207 |
| 942 ## - ADDED ENTRY ELEMENTS (KOHA) | |
| Source of classification or shelving scheme | Dewey Decimal Classification |
| Koha item type | Books |
| Withdrawn status | Lost status | Source of classification or shelving scheme | Damaged status | Not for loan | Collection code | Home library | Current library | Date acquired | Source of acquisition | Cost, normal purchase price | Total Checkouts | Full call number | Barcode | Date last seen | Copy number | Koha item type | Price effective from |
|---|---|---|---|---|---|---|---|---|---|---|---|---|---|---|---|---|---|
| Dewey Decimal Classification | Non-fiction | Biblioteca Pública José María del Castillo y Rada | Biblioteca Pública José María del Castillo y Rada | 04/15/2018 | Donación | 0.00 | 320.861 / G283p | 430000426 | 05/16/2024 | V.1 / Ej.1 | Books | ||||||
| Dewey Decimal Classification | Non-fiction | Biblioteca Pública José María del Castillo y Rada | Biblioteca Pública José María del Castillo y Rada | 04/15/2018 | Donación | 0.00 | 320.861 / G283p1 | 430000427 | 05/16/2024 | V.2 / Ej.1 | Books | 04/15/2020 |